[Event "400 Stay Safe Play From Home series"]
[Site "Emanuel Lasker Arena"]
[Date "2020.08.21"]
[Round "5"]
[White "NTBT_DHS"]
[Black "Hickey"]
[Result "1-0"]
[WhiteElo "2529"]
[BlackElo "2233"]
[Annotator "TA"]
[PlyCount "45"]
[EventDate "2020.08.21"]
[EventType "swiss (blitz)"]

{[%evp 10,45,25,17,68,39,64,55,78,-48,18,8,14,14,26,28,38,0,0,0,0,-34,73,-50,0,0,0,-7,-6,-10,44,42,66,80,445,456,424,424]} 1. d4 Nf6 2. Nc3 e6 3. Bg5 d5 4. e4 dxe4 5. Nxe4 Be7 6. Nxf6+ gxf6 {C13: French: Classical System: 4 Bg5 Be7, Alekhine-Chatard Attack.} (6... Bxf6 $11 7. Bxf6 Qxf6) 7. Bh6 b6 8. Qf3 {[#]} Qd5 $146 {White is slightly better.} ({Predecessor:} 8... c6 9. Rd1 Bb7 10. Bc4 Qd6 11. c3 Rg8 12. Ne2 Na6 13. Qd3 b5 14. Bf4 Qd7 15. Qxh7 Rxg2 {0-1 (71) McQuillan,S-Klingher,D (2070) Southend 2016}) 9. Bc4 (9. Qxd5 $16 exd5 10. c3) 9... Qxf3 (9... Bb4+ $15 10. c3 Qxc4 11. cxb4 Qxb4+ 12. Bd2 Qxb2) 10. Nxf3 $11 Bb7 11. O-O-O Bxf3 12. gxf3 {[#] Black must now prevent d5.} c6 13. f4 {And now f5! would win.} f5 $1 14. Rhg1 Nd7 15. Bb3 Nf6 {[#]} (15... Bf8 $15 {keeps the upper hand.} 16. Bxf8 Nxf8) 16. f3 (16. Bg7 $1 $16 {[%cal Rg7h8]} Kd7 17. Bxh8 Rxh8 18. h4) 16... Nd5 17. c4 $1 $36 {[%cal Rc4d5][%mdl 2048] White has good play.} Nc7 $1 18. Bg7 Rg8 19. Be5 Rxg1 ({Black should try} 19... O-O-O $11) 20. Rxg1 $14 Rc8 21. Rg8+ Bf8 $2 {[%mdl 8192]} (21... Kd7 $16 22. Rg7 Rf8) 22. Bd6 $18 Kd7 23. Rxf8 {Accuracy: White = 52%, Black = 44%.} ({Don't play} 23. Bxf8 b5 $18) 1-0

[Event "400 Stay Safe Play From Home series"]
[Site "Emanuel Lasker Arena"]
[Date "2020.08.21"]
[Round "5"]
[White "AChessPlayer"]
[Black "Mepe_Nika"]
[Result "1-0"]
[WhiteElo "2443"]
[BlackElo "2318"]
[Annotator "TA"]
[PlyCount "77"]
[EventDate "2020.08.21"]
[EventType "swiss (blitz)"]

{[%evp 14,77,11,6,11,14,33,14,73,63,65,58,47,54,98,77,89,89,91,81,78,68,68,68,66,70,77,52,61,62,55,20,19,32,37,22,64,61,53,46,85,43,91,32,39,0,47,46,46,46,101,79,564,561,695,692,878,863,837,822,842,853,29966,6030,5931,5698]} 1. Nf3 d5 2. g3 g6 3. Bg2 Bg7 4. O-O e5 5. d3 Ne7 6. Nbd2 O-O 7. e4 dxe4 8. dxe4 Nbc6 {A07: Réti Opening: New York and Capablanca Systems.} 9. c3 Bg4 10. h3 Bxf3 (10... Be6 $11 {remains equal.}) 11. Qxf3 {[#]} Qd7 $146 ({Predecessor:} 11... Nc8 12. Nc4 Qf6 13. Qe2 Nb6 14. Ne3 Qe6 15. Nd5 Rac8 16. a4 Ne7 17. Nxe7+ Qxe7 {1-0 (38) Kozarcanin,S (2213)-Niculae,A (2110) Calvia 2006}) 12. Rd1 Rad8 13. Bf1 Qc8 14. b3 a6 15. Ba3 Rd7 16. Nc4 Rfd8 17. Ne3 Rxd1 18. Rxd1 Rxd1 19. Qxd1 Bf8 20. Bb2 Qd8 21. Qxd8 Nxd8 22. Nd5 Nxd5 23. exd5 $11 {[%mdl 4096] Endgame KBB-KBN} f5 24. c4 Bg7 25. f3 Kf7 26. Kf2 Ke7 27. f4 Kd6 28. Ba3+ ({White should play} 28. g4 $16) 28... Kd7 $14 29. Bb2 Nf7 30. g4 fxg4 31. hxg4 Kd6 (31... Bh8 $14) 32. Bh3 Bf8 $2 {[%mdl 8192] [#] Loses the game.} (32... c6 $16 {is tougher.}) 33. Ba3+ $18 Kd7 34. Bxf8 exf4 35. g5+ Ke8 36. Bh6 Kd8 37. Bg7 Nxg5 38. Bf6+ {[%mdl 64] [#] Double Attack} Ke8 39. Bxg5 {Accuracy: White = 80%, Black = 53%.} 1-0

[Event "400 Stay Safe Play From Home series"]
[Site "Emanuel Lasker Arena"]
[Date "2020.08.21"]
[Round "5"]
[White "Stefanone"]
[Black "Schachwerk_64"]
[Result "1-0"]
[WhiteElo "1966"]
[BlackElo "2008"]
[Annotator "NA RC"]
[PlyCount "171"]
[EventDate "2020.08.21"]
[EventType "swiss (blitz)"]

1. d4 {[%emt 0:00:01]} Nc6 {[%emt 0:00:02]} 2. e3 {[%emt 0:00:00]} d5 {[%emt 0:00:01]} 3. f4 {[%emt 0:00:00]} f6 {[%emt 0:00:01]} 4. Nf3 {[%emt 0:00:00]} Bg4 {[%emt 0:00:02]} 5. Be2 {[%emt 0:00:01]} Bxf3 {[%emt 0:00:01]} 6. Bxf3 {[%emt 0:00:01]} e5 {[%emt 0:00:01]} 7. O-O {[%emt 0:00:01]} e4 {[%emt 0:00:01]} 8. Be2 {[%emt 0:00:01]} f5 {[%emt 0:00:00]} 9. c4 {[%emt 0:00:01]} Nf6 {[%emt 0:00:01]} 10. cxd5 {[%emt 0:00:01]} Nxd5 {[%emt 0:00:00]} 11. Nc3 {[%emt 0:00:01]} Bb4 {[%emt 0:00:01]} 12. Bd2 {[%emt 0:00:01]} Nce7 {[%emt 0:00:02]} 13. Bc4 {[%emt 0:00:02]} Bxc3 {[%emt 0:00:01]} 14. bxc3 {[%emt 0:00:00]} c6 {[%emt 0:00:01]} 15. Be1 {[%emt 0:00:02]} Qa5 {[%emt 0:00:02]} 16. Bb3 {[%emt 0:00:02]} b5 {[%emt 0:00:03]} 17. c4 {[%emt 0:00:01]} bxc4 {[%emt 0:00:01]} 18. Bxa5 {[%emt 0:00:01]} cxb3 {[%emt 0:00:01]} 19. Qxb3 {[%emt 0:00:01]} O-O {[%emt 0:00:01]} 20. Qc4 {[%emt 0:00:01]} Rab8 {[%emt 0:00:01]} 21. Rfb1 {[%emt 0:00:01]} Rxb1+ {[%emt 0:00:02]} 22. Rxb1 {[%emt 0:00:00]} Kh8 {[%emt 0:00:03]} 23. Rb7 {[%emt 0:00:02]} Nxe3 {[%emt 0:00:01]} 24. Qc5 {[%emt 0:00:02]} Re8 {[%emt 0:00:06]} 25. Rxe7 {[%emt 0:00:02]} Rxe7 {[%emt 0:00:00]} 26. Qxe7 {[%emt 0:00:01]} h6 {[%emt 0:00:00]} 27. Bc3 {[%emt 0:00:01]} Nd5 {[%emt 0:00:01]} 28. Qc5 {[%emt 0:00:02]} e3 {[%emt 0:00:01]} 29. Kf1 {[%emt 0:00:01]} Nxf4 {[%emt 0:00:01]} 30. d5 {[%emt 0:00:01]} e2+ {[%emt 0:00:01]} 31. Ke1 {[%emt 0:00:01]} Nd3+ {[%emt 0:00:01]} 32. Kxe2 {[%emt 0:00:02]} Nxc5 {[%emt 0:00:00]} 33. dxc6 {[%emt 0:00:01]} Kg8 {[%emt 0:00:00]} 34. Bb4 {[%emt 0:00:01]} Ne6 {[%emt 0:00:01]} 35. Bd6 {[%emt 0:00:02]} Kf7 {[%emt 0:00:01]} 36. c7 {[%emt 0:00:01]} Nxc7 {[%emt 0:00:00]} 37. Bxc7 {[%emt 0:00:00]} Ke6 {[%emt 0:00:00]} 38. Bf4 {[%emt 0:00:00]} g5 {[%emt 0:00:01]} 39. Bd2 {[%emt 0:00:00]} f4 {[%emt 0:00:00]} 40. g3 {[%emt 0:00:00]} Ke5 {[%emt 0:00:01]} 41. gxf4+ {[%emt 0:00:01]} gxf4 {[%emt 0:00:00]} 42. Kf2 {[%emt 0:00:00]} Ke4 {[%emt 0:00:01]} 43. Ba5 {[%emt 0:00:01]} f3 {[%emt 0:00:01]} 44. Bc7 {[%emt 0:00:01]} h5 {[%emt 0:00:01]} 45. Bg3 {[%emt 0:00:01]} a6 {[%emt 0:00:00]} 46. h4 {[%emt 0:00:01]} a5 {[%emt 0:00:00]} 47. Bd6 {[%emt 0:00:01]} a4 {[%emt 0:00:00]} 48. a3 {[%emt 0:00:00]} Kd3 {[%emt 0:00:01]} 49. Bb4 {[%emt 0:00:00]} Kc4 {[%emt 0:00:01]} 50. Be1 {[%emt 0:00:00]} Kb3 {[%emt 0:00:00]} 51. Kxf3 {[%emt 0:00:00]} Kxa3 {[%emt 0:00:00]} 52. Ke4 {[%emt 0:00:01]} Kb3 {[%emt 0:00:00]} 53. Bf2 {[%emt 0:00:01]} a3 {[%emt 0:00:00]} 54. Bd4 {[%emt 0:00:00]} Kc4 {[%emt 0:00:01]} 55. Bg7 {[%emt 0:00:01]} a2 {[%emt 0:00:01]} 56. Kf5 {[%emt 0:00:00]} Kd5 {[%emt 0:00:01]} 57. Kg6 {[%emt 0:00:01]} Ke6 {[%emt 0:00:00]} 58. Kxh5 {[%emt 0:00:00]} Kf7 {[%emt 0:00:00]} 59. Kh6 {[%emt 0:00:01]} Kg8 {[%emt 0:00:00]} 60. Bf6 {[%emt 0:00:01]} Kf7 {[%emt 0:00:01]} 61. Bb2 {[%emt 0:00:01]} Kg8 {[%emt 0:00:00]} 62. Kg6 {[%emt 0:00:01]} Kf8 {[%emt 0:00:01]} 63. h5 {[%emt 0:00:00]} Kg8 {[%emt 0:00:00]} 64. h6 {[%emt 0:00:01]} Kf8 {[%emt 0:00:00]} 65. h7 {[%emt 0:00:00]} a1=Q {[%emt 0:00:00]} 66. Bxa1 {[%emt 0:00:01]} Ke7 {[%emt 0:00:00]} 67. h8=Q {[%emt 0:00:00]} Kd6 {[%emt 0:00:00]} 68. Qf6+ {[%emt 0:00:00]} Kc5 {[%emt 0:00:00]} 69. Kg5 {[%emt 0:00:00]} Kc4 {[%emt 0:00:00]} 70. Qf5 {[%emt 0:00:00]} Kb3 {[%emt 0:00:00]} 71. Kg4 {[%emt 0:00:00]} Ka2 {[%emt 0:00:00]} 72. Qf3 {[%emt 0:00:00]} Kxa1 {[%emt 0:00:00]} 73. Qf2 {[%emt 0:00:01]} Kb1 {[%emt 0:00:01]} 74. Kf4 {[%emt 0:00:00]} Ka1 {[%emt 0:00:00]} 75. Ke4 {[%emt 0:00:00]} Kb1 {[%emt 0:00:00]} 76. Kd3 {[%emt 0:00:00]} Ka1 {[%emt 0:00:00]} 77. Kc3 {[%emt 0:00:00]} Kb1 {[%emt 0:00:00]} 78. Kb3 {[%emt 0:00:00]} Ka1 {[%emt 0:00:01]} 79. Qh2 {[%emt 0:00:00]} Kb1 {[%emt 0:00:01]} 80. Kc3 {[%emt 0:00:00]} Kc1 {[%emt 0:00:00]} 81. Kd4 {[%emt 0:00:00]} Kb1 {[%emt 0:00:00]} 82. Qh3 {[%emt 0:00:00]} Ka1 {[%emt 0:00:00]} 83. Kd3 {[%emt 0:00:00]} Kb1 {[%emt 0:00:00]} 84. Qh2 {[%emt 0:00:00]} Ka1 {[%emt 0:00:00]} 85. Kc3 {[%emt 0:00:00]} Kb1 {[%emt 0:00:00]} 86. Qb2# {[%emt 0:00:00] (Lag: Av=0.58s, max=1.3s) (Lag: Av=0.58s, max=1.3s) (Lag: Av=0.58s, max=1.3s)} 1-0

[Event "400 Stay Safe Play From Home series"]
[Site "Emanuel Lasker Arena"]
[Date "2020.08.21"]
[Round "5"]
[White "Lazieri3"]
[Black "IceQueen"]
[Result "0-1"]
[WhiteElo "1956"]
[BlackElo "2466"]
[Annotator "TA"]
[PlyCount "82"]
[EventDate "2020.08.21"]
[EventType "swiss (blitz)"]

{[%evp 9,82,-25,-35,-51,-30,-49,-39,-58,-8,-12,-8,-1,20,12,25,-246,-244,-241,-245,-270,-262,-263,-245,-250,-147,-272,-269,-261,-258,-254,-191,-288,-294,-341,-341,-371,-367,-368,-349,-318,0,-365,-364,-401,93,95,86,90,93,93,96,0,104,0,0,0,0,0,0,0,0,-125,-124,-131,-113,-123,-120,-213,-213,-338,-101,-29985,-29986,-29988,-29984]} 1. e4 c5 2. Nc3 Nc6 3. d3 e6 4. Nf3 Nf6 5. Bg5 Be7 6. e5 {B40: Sicilian: 2...e6, Unusual lines.} Nd5 7. Bxe7 {[#]} Ndxe7 $146 ({Predecessor:} 7... Qxe7 8. Nb5 O-O 9. Nd6 Nxe5 10. Nxc8 Nxf3+ 11. Qxf3 Raxc8 12. O-O-O b5 13. d4 c4 {0-1 (30) Friesenbichler,C-Pintar,B Lienz 1988}) 8. g3 {Black is slightly better.} d6 9. exd6 Qxd6 10. Bg2 a6 11. Ne4 Qc7 12. Nxc5 $2 {[%mdl 8192]} (12. c3 $11) 12... Qa5+ $19 {[%mdl 64] Double Attack} 13. Qd2 Qxc5 14. O-O O-O 15. c3 e5 16. Rfe1 Bf5 {[#]} (16... Rd8 $19 {Strongly threatening ...Bg4.} 17. b4 Qd6) 17. d4 (17. Nxe5 $1 $17 {[%mdl 512]} Nxe5 18. d4) 17... exd4 18. Nxd4 Nxd4 19. cxd4 Qc7 20. Rac1 (20. Qg5 $142 Rae8 21. Rxe7 {[%mdl 64] Remove Defender} Rxe7 22. Qxf5) 20... Qd7 21. Qb4 Nd5 22. Bxd5 Qxd5 23. Re5 Qf3 {...Bh3 is the strong threat.} 24. Re3 Qd5 25. Re5 {[#]} Qd7 $1 26. Rcc5 Rac8 $2 (26... Be6 $19 27. b3 Rac8) 27. Rxf5 $16 g6 28. Rxc8 Rxc8 {[%mdl 4096] Endgame KQR-KQR} 29. Rc5 Re8 30. Re5 (30. d5 $16) 30... Rd8 (30... Rxe5 $11 {remains equal.} 31. dxe5 Qd1+ 32. Kg2 Qd5+ {[%mdl 64] Double Attack} 33. Kf1 Qd3+ 34. Ke1 Qd5) 31. Qe7 (31. d5 $16) 31... Qxd4 $11 32. Re2 Qd1+ 33. Kg2 Qd5+ 34. Qe4 Qxa2 35. Qe7 (35. Qxb7 $11 Qd5+ 36. Qxd5 Rxd5 37. Re8+ Kg7 38. Rb8) 35... Qd5+ $17 36. Qe4 h5 37. Qxd5 Rxd5 38. Re7 (38. b4 $17) 38... Rb5 $19 39. b4 (39. Re2 {was called for.}) 39... Kf8 $2 (39... Rxb4 $19 {and Black stays clearly on top. And now ...a5 would win.} 40. Re8+ Kg7) 40. Rxb7 $2 {[%mdl 8192]} (40. Re4 $17) 40... Rxb7 41. h4 Rb5 {Accuracy: White = 41%, Black = 69%.} 0-1

[Event "400 Stay Safe Play From Home series"]
[Site "Emanuel Lasker Arena"]
[Date "2020.08.21"]
[Round "5"]
[White "Buzaglo"]
[Black "MihailoVujic"]
[Result "0-1"]
[WhiteElo "1840"]
[BlackElo "2190"]
[Annotator "TA"]
[PlyCount "122"]
[EventDate "2020.08.21"]
[EventType "swiss (blitz)"]

{[%evp 9,122,34,19,-114,-105,-108,-69,-69,-82,-87,-75,-89,-70,-74,-54,-75,-66,-92,-82,-97,-95,-118,-122,-270,-280,-342,-337,-338,-328,-306,-295,-341,-202,-250,-224,-261,-263,-409,-381,-585,-211,-252,-215,-966,-961,-5106,-5102,-1753,-1016,-1008,-1002,-984,-987,-988,-908,-1069,-1071,-1028,-1026,-1816,-1275,-1670,-1448,-1641,-1439,-1346,-1225,-1618,-1502,-29976,-6925,-29995,-29987,-29987,-29988,-29989,-29988,-29990,-29990,-29990,-29991,-29991,-29991,-29991,-29992,-29992,-29992,-29992,-29993,-29995,-29991,-29993,-29993,-29995,-29995,-29997,0,-29994,-29995,-29997,-29997,-29998,-29997,-29997,-29995,-29996,-29995,-29995,-29995,-29995,-29996,-29996,-29995,-29995,-29996]} 1. d4 d5 2. Nf3 Nc6 3. g3 Bf5 4. Bg2 e6 5. O-O Nb4 {[#]} 6. Nh4 $146 {D02: 1 d4 d5 2 Nf3 sidelines, including 2...Nf6 3 g3 and 2...Nf6 3 Bf4.} (6. Na3 $11) ({Predecessor:} 6. c4 Nc2 7. cxd5 Nxa1 8. dxe6 fxe6 9. e4 Bxe4 10. Nc3 Bxf3 11. Bxf3 Qd7 12. Bxb7 Rb8 13. Bg2 {½-½ (35) Ding,L (2791)-Caruana,F (2835) chess24.com INT 2020}) 6... Bxc2 $17 7. Qd2 Be4 8. Bxe4 {Black is slightly better.} dxe4 9. a3 Nd5 10. Nc3 Nxc3 11. bxc3 f5 12. Ng2 Bd6 {White is on the road to losing.} 13. c4 Nf6 14. c5 Be7 15. Bb2 Nd5 16. Ne3 (16. f3 $17) 16... Bg5 $1 $19 17. h4 Bxe3 18. fxe3 g5 19. h5 Qf6 20. g4 O-O-O (20... O-O $142 {aiming for ...Qh6.} 21. c6 bxc6) 21. c6 f4 22. cxb7+ {[#]} Kb8 $1 (22... Kxb7 23. Kh1 $15) 23. Qa5 (23. Rac1 $142 e5 24. Kh2 (24. dxe5 $2 Qe6 $19)) 23... Nxe3 24. Rf2 (24. Rfc1 $142 Rd7 25. Qc3) 24... Rxd4 $2 (24... Rd5 25. Qc3 Nxg4) 25. Bxd4 Qxd4 26. Raf1 $2 (26. Rc1 c5 27. Qxc5 (27. Rxc5 Qd1+ 28. Kh2 Nxg4+ {[%mdl 64] Double Attack} 29. Kg2 Qd6 $17) 27... Qxc5 28. Rxc5) 26... Nxg4 {[%mdl 64] Pin} 27. Kg2 Nxf2 28. Rxf2 {[%mdl 4096] Endgame KQR-KQR} e3 29. Rf1 Qd5+ 30. Qxd5 exd5 {KR-KR} 31. Kf3 Rd8 32. Kg4 h6 33. Rd1 Rd6 34. Kf5 Kxb7 35. Ke5 Kc6 36. Kd4 Kd7 37. Rc1 c6 38. Rb1 Re6 39. Kc5 Re4 {[%csl Gd5][%cal Re4c4]} 40. Rc1 {[#]} Rc4+ $1 41. Rxc4 dxc4 42. Kxc4 {KP-KP} Kd6 43. a4 c5 44. Kd3 Kd5 45. Kc3 c4 46. Kc2 Kd4 47. Kd1 c3 48. a5 Kc4 49. Kc2 Kb4 50. a6 Kc4 51. Kc1 Kb3 52. Kb1 {[#]} Kb4 $2 (52... f3 $1 {mates} 53. Kc1 (53. exf3 e2) 53... f2 54. Kd1 f1=Q#) 53. Kc1 $2 {[%mdl 8192] [#]} (53. Kc2 $11 f3 54. Kd3 f2 55. Ke4 f1=Q 56. Ke5 c2 57. Kd6 c1=Q 58. Ke6 Qc6+ {[%mdl 64] Double Attack} 59. Ke7 Qff6#) 53... f3 $1 {Black mates.} 54. Kb1 (54. exf3 e2) 54... f2 55. Kc1 f1=Q+ 56. Kc2 Qe1 57. Kd3 Qd2+ 58. Ke4 Qxe2 59. Ke5 Qxh5 60. Ke6 Qg4+ 61. Ke7 Qf4 {Accuracy: White = 44%, Black = 78%.} 0-1

[Event "400 Stay Safe Play From Home series"]
[Site "Emanuel Lasker Arena"]
[Date "2020.08.21"]
[Round "5"]
[White "NIK-MCS1"]
[Black "Trotsky"]
[Result "1-0"]
[WhiteElo "1678"]
[BlackElo "1596"]
[Annotator "NA RC"]
[PlyCount "85"]
[EventDate "2020.08.21"]
[EventType "swiss (blitz)"]

{Klyushkin, Nikolai} 1. b3 {[%emt 0:00:03]} d5 {[%emt 0:00:01]} 2. Bb2 {[%emt 0:00:00]} e6 {[%emt 0:00:00]} 3. e3 {[%emt 0:00:00]} c5 {[%emt 0:00:01]} 4. Nf3 {[%emt 0:00:00]} Nc6 {[%emt 0:00:01]} 5. Bb5 {[%emt 0:00:01]} Qc7 {[%emt 0:00:01]} 6. Bxc6+ {[%emt 0:00:00]} bxc6 {[%emt 0:00:01]} 7. Ne5 {[%emt 0:00:00]} f6 {[%emt 0:00:01]} 8. Nf3 {[%emt 0:00:02]} Bd6 {[%emt 0:00:01]} 9. d3 {[%emt 0:00:00]} h5 {[%emt 0:00:01]} 10. Nbd2 {[%emt 0:00:00]} Nh6 {[%emt 0:00:01]} 11. h3 {[%emt 0:00:00]} Bd7 {[%emt 0:00:01]} 12. Qe2 {[%emt 0:00:01]} O-O-O {[%emt 0:00:01]} 13. a4 {[%emt 0:00:00]} Kb8 {[%emt 0:00:02]} 14. O-O-O {[%emt 0:00:02]} Rc8 {[%emt 0:00:01]} 15. e4 {[%emt 0:00:01]} Ka8 {[%emt 0:00:01]} 16. Rde1 {[%emt 0:00:04]} Qa5 {[%emt 0:00:01]} 17. Kb1 {[%emt 0:00:02]} c4 {[%emt 0:00:01]} 18. dxc4 {[%emt 0:00:01]} dxc4 {[%emt 0:00:01]} 19. Nxc4 {[%emt 0:00:01]} Qc7 {[%emt 0:00:03]} 20. Nxd6 {[%emt 0:00:00]} Qxd6 {[%emt 0:00:01]} 21. Rd1 {[%emt 0:00:01]} Qc7 {[%emt 0:00:01]} 22. Nd4 {[%emt 0:00:01]} Qa5 {[%emt 0:00:02]} 23. Qc4 {[%emt 0:00:02]} Rc7 {[%emt 0:00:01]} 24. Nxe6 {[%emt 0:00:02]} Bxe6 {[%emt 0:00:02]} 25. Qxe6 {[%emt 0:00:00]} Rhc8 {[%emt 0:00:01]} 26. Rd7 {[%emt 0:00:03]} Qb4 {[%emt 0:00:08]} 27. Rhd1 {[%emt 0:00:03]} Rb7 {[%emt 0:00:08]} 28. Rxb7 {[%emt 0:00:02]} Qxb7 {[%emt 0:00:01]} 29. Rd7 {[%emt 0:00:02]} Qa6 {[%emt 0:00:01]} 30. Rxa7+ {[%emt 0:00:03]} Kxa7 {[%emt 0:00:03]} 31. Qxc8 {[%emt 0:00:00]} Qxc8 {[%emt 0:00:01]} 32. Kc1 {[%emt 0:00:01]} Nf7 {[%emt 0:00:01]} 33. Kd2 {[%emt 0:00:01]} Nd6 {[%emt 0:00:01]} 34. f4 {[%emt 0:00:00]} c5 {[%emt 0:00:02]} 35. Ke3 {[%emt 0:00:00]} c4 {[%emt 0:00:01]} 36. b4 {[%emt 0:00:01]} c3 {[%emt 0:00:01]} 37. Bc1 {[%emt 0:00:02]} Qc4 {[%emt 0:00:01]} 38. b5 {[%emt 0:00:03]} Qxe4+ {[%emt 0:00:01]} 39. Kf2 {[%emt 0:00:01]} Nc4 {[%emt 0:00:01]} 40. f5 {[%emt 0:00:02]} g5 {[%emt 0:00:01]} 41. g3 {[%emt 0:00:01]} g4 {[%emt 0:00:02]} 42. h4 {[%emt 0:00:00]} Qe3+ {[%emt 0:00:01]} 43. Bxe3+ {[%emt 0:00:01] Trotsky Ñäàåòñÿ Trotsky Ñäàåòñÿ Trotsky Ñäàåòñÿ (Lag: Av=0.61s, max=1.4s) (Lag: Av=0.61s, max=1.4s) (Lag: Av=0.61s, max=1.4s)} 1-0

[Event "400 Stay Safe Play From Home series"]
[Site "Emanuel Lasker Arena"]
[Date "2020.08.21"]
[Round "5"]
[White "Mischu64"]
[Black "GIULIO19031975"]
[Result "0-1"]
[WhiteElo "1625"]
[BlackElo "1777"]
[Annotator "NA RC"]
[PlyCount "50"]
[EventDate "2020.08.21"]
[EventType "swiss (blitz)"]

1. d4 {[%emt 0:00:01]} d5 {[%emt 0:00:01]} 2. e4 {[%emt 0:00:01]} Nf6 {[%emt 0:00:00]} 3. Nc3 {[%emt 0:00:00]} dxe4 {[%emt 0:00:01]} 4. f3 {[%emt 0:00:01]} exf3 {[%emt 0:00:01]} 5. Nxf3 {[%emt 0:00:00]} Bg4 {[%emt 0:00:01]} 6. Bd3 {[%emt 0:00:01]} Bxf3 {[%emt 0:00:00]} 7. Qxf3 {[%emt 0:00:01]} Nbd7 {[%emt 0:00:00]} 8. O-O {[%emt 0:00:03]} e6 {[%emt 0:00:00]} 9. Be3 {[%emt 0:00:03]} Be7 {[%emt 0:00:00]} 10. Rae1 {[%emt 0:00:02]} O-O {[%emt 0:00:01]} 11. Qh3 {[%emt 0:00:03]} g6 {[%emt 0:00:01]} 12. Bg5 {[%emt 0:00:02]} Nh5 {[%emt 0:00:02]} 13. Bxe7 {[%emt 0:00:12]} Qxe7 {[%emt 0:00:01]} 14. g4 {[%emt 0:00:01]} Ng7 {[%emt 0:00:03]} 15. Rf3 {[%emt 0:00:01]} Nf6 {[%emt 0:00:02]} 16. g5 {[%emt 0:00:02]} Nfh5 {[%emt 0:00:01]} 17. Ne4 {[%emt 0:00:04]} Kh8 {[%emt 0:00:03]} 18. Nf6 {[%emt 0:00:01]} Rad8 {[%emt 0:00:07]} 19. Nxh5 {[%emt 0:00:02]} Nxh5 {[%emt 0:00:01]} 20. Ref1 {[%emt 0:00:02]} Rxd4 {[%emt 0:00:02]} 21. Be2 {[%emt 0:00:05]} Qxg5+ {[%emt 0:00:01]} 22. Kh1 {[%emt 0:00:02]} Rh4 {[%emt 0:00:03]} 23. Qxe6 {[%emt 0:00:02]} fxe6 {[%emt 0:00:03]} 24. Rxf8+ {[%emt 0:00:01]} Kg7 {[%emt 0:00:00]} 25. R1f7+ {[%emt 0:00:01]} Kh6 {[%emt 0:00:00] Mischu64 gibt auf Mischu64 gibt auf Mischu64 gibt auf (Lag: Av=0.62s, max=1.6s) (Lag: Av=0.62s, max=1.6s) (Lag: Av=0.62s, max=1.6s)} 0-1

[Event "400 Stay Safe Play From Home series"]
[Site "Emanuel Lasker Arena"]
[Date "2020.08.21"]
[Round "5"]
[White "Oscolucano"]
[Black "Yuriko"]
[Result "0-1"]
[WhiteElo "1119"]
[BlackElo "1943"]
[Annotator "TA"]
[PlyCount "50"]
[EventDate "2020.08.21"]
[EventType "swiss (blitz)"]

{[%evp 20,50,39,41,68,26,27,14,25,29,27,0,2,-185,-161,-166,-171,-439,-63,-56,-33,-23,-19,-22,161,172,464,388,371,376,1091,463,29995]} 1. d4 c6 2. c4 d5 3. cxd5 cxd5 4. Nc3 Nf6 5. Nf3 e6 6. Bg5 Be7 7. e3 O-O 8. Bd3 h6 9. Bh4 a6 10. O-O Nc6 11. Rc1 b5 {D13: Slav Defence: Exchange variation without ...Bf5.} 12. a3 (12. Nxb5 $5 axb5 13. Rxc6 $14) 12... Bb7 13. Bb1 Rc8 {The position is equal.} 14. Qd3 {Hoping for Bxf6.} g6 {[#]} 15. Rfd1 $146 ({Predecessor:} 15. Bg3 Na5 16. Ne5 Qe8 17. f3 Nc4 18. Qe2 Nd7 19. Nd3 Bf6 20. Bf2 {0-1 (39) Ren,X (2257)-Hoang,T (2371) Chengdu 2017}) 15... Re8 (15... Na5 {feels hotter.} 16. Qe2 Nb3 17. Rc2 Na1 18. Rcc1 Nb3) 16. e4 $2 {[#]} (16. Bg3 $11 {and White is okay.}) 16... dxe4 $1 $19 17. Nxe4 Nxe4 18. Bxe7 $2 (18. Qxe4 Nxd4 19. Rxc8 Nxf3+ 20. Qxf3 Qxc8 21. Qh3) 18... Qxe7 $2 ({Black should try} 18... Nxe7 $19 19. Rxc8 Qxc8) 19. Qxe4 $15 Nb8 20. Qe3 Rxc1 21. Rxc1 Kh7 $2 {[#]} (21... Bxf3 $11 22. Qxf3 (22. gxf3 Qg5+ 23. Kf1 Rd8 $11) 22... Rd8) 22. Ne5 $18 Qg5 $2 (22... Rc8) 23. Qxg5 hxg5 24. Rc7 Bd5 $2 (24... Rc8 25. Rxf7+ Kg8) 25. Nxf7 (25. Rxf7+ $142 Kh8 26. Nxg6+ Kg8 27. Ne5) 25... Kg8 {[%mdl 32768] Accuracy: White = 34%, Black = 34%. . Sensor Board Error (Ke4/e5)?} (25... Nc6 $18 26. Ne5+ Re7 27. Rxc6 Bxc6 28. Bxg6+ Kg7 29. Nxc6 Rc7) 0-1

[Event "400 Stay Safe Play From Home series"]
[Site "Emanuel Lasker Arena"]
[Date "2020.08.21"]
[Round "6"]
[White "IceQueen"]
[Black "AChessPlayer"]
[Result "1-0"]
[WhiteElo "2467"]
[BlackElo "2454"]
[Annotator "TA"]
[PlyCount "75"]
[EventDate "2020.08.21"]
[EventType "swiss (blitz)"]

{[%evp 9,75,65,66,53,43,57,47,37,41,18,22,7,101,114,122,118,116,78,289,296,425,272,809,284,277,139,144,143,140,122,129,108,145,133,170,161,362,370,404,406,440,436,626,614,597,593,741,681,1049,1046,960,717,1525,1508,2070,2066,3103,2977,29990,29991,29992,29993,29993,29993,29993,29993,29993,29993]} 1. e4 d6 2. Nc3 c6 3. d4 g6 4. h4 h6 5. h5 g5 6. f4 {B06: Modern Defence.} gxf4 7. Bxf4 Nf6 {[#]} 8. Nf3 $146 {White is slightly better.} ({Predecessor:} 8. Qd3 Qa5 9. Bd2 Qc7 10. O-O-O b5 11. e5 dxe5 12. dxe5 Ng4 13. Nxb5 cxb5 14. Qf3 {1-0 (21) Klatt,J (2136)-Himpenmacher,A (2191) Lieme 2012}) 8... Bg4 9. Qd3 Nbd7 10. O-O-O b5 (10... e5 $11 {remains equal.} 11. dxe5 Nxh5 12. Rxh5 Bxh5) 11. e5 $1 $36 {[%cal Re5f6][%mdl 2048] White has strong initiative.} b4 12. exf6 bxc3 13. fxe7 ({Stronger than} 13. bxc3 Nxf6 14. Qa6 Qc7 $15) 13... Bxe7 $2 (13... cxb2+ $16 14. Kxb2 Bxe7) 14. Qxc3 $18 Nb6 (14... Qb6 $142 15. Re1 Be6) 15. Re1 Qd7 $2 {[#]} (15... Kd7 16. Qb3 Be6) 16. Nh2 $2 (16. d5 $1 {[%cal Rc3h8][%mdl 512]} O-O-O (16... Nxd5 17. Qxh8#) 17. Ba6+ Kb8 18. Ne5 $1 {[%mdl 512]} dxe5 19. dxc6 (19. Bxe5+ Bd6 $18)) 16... Nd5 {[#]} 17. Qg3 (17. Nxg4 $1 $18 {[%mdl 512]} Nxc3 (17... Qxg4 18. Qxc6+) 18. Nf6+ {[%mdl 64] Double Attack} Kd8 19. Nxd7) 17... Be6 $16 18. Bd2 O-O-O 19. Ba6+ Kb8 20. Nf3 Rhg8 21. Qf2 Nc7 22. Bd3 Rde8 $2 (22... Bf8 {is a better defense.} 23. Rhf1 Re8) 23. Bxh6 $18 Bf6 24. Bd2 Bh8 25. h6 c5 (25... Ref8 $142 26. Bg5 Rc8) 26. h7 Rg4 27. dxc5 Qa4 28. a3 dxc5 29. Qxc5 Rc8 30. Qd6 Rg6 31. Ne5 Bxe5 32. Qxe5 Rxg2 33. h8=Q Rxh8 34. Rxh8+ {White mates.} Bc8 35. Bf5 Qa6 36. Rxc8+ Qxc8 37. Bxc8 Kxc8 38. Qf5+ {Accuracy: White = 65%, Black = 26%.} 1-0